000 01125cam a22002055a 4500
001 L151308
008 101019e20101015xxk 000 0 eng d
035 _a(Sirsi) u151308
041 0 _aeng
100 1 _aUnger, Paul
245 0 0 _aMarkets
_bMerseyside
260 _c2010
490 0 _aProperty Week
_v76 (41) 15 October 2010, 45-54(5)
520 _aPeel seeks support from Chinese financiers to develop 150 acres on north Liverpool's Mersey shoreline into a major mixed-use scheme. Liverpool Science Park secures consent to create a third city-centre innovation centre called IC3. Liverpool office market heads for oversupply with 2010 take-up levels likely to end up 50% below those of 2009. Regional developers to submit schemes for EU JESSICA funding in early 2011. Merseyside shed market sees occupiers competing for diminishing stock pool of sheds. Ethel Austin property investment arm goes into administration. Tesco scales down its Kirby development plans.
590 _aKA
651 4 _aMerseyside
651 4 _aLiverpool
690 _aPROPERTY-COMMERCIAL PROPERTY-COMMERCIAL PROPERTY MARKET
942 _n0
999 _c82758
_d82758